000 00844cam a2200265Ia 4500
001 u8100
003 SIRSI
005 20180220094332.0
008 970902s1996 njua b 001 0 eng d
020 _a0896033325 (acidfree paper)
039 9 _y200203190947
_zload
040 _aEAL
050 _aQH506
_bI5 1996
245 0 0 _aIn vitro mutagenesis protocols /
_cedited by Michael K. Trower.
260 _aTotowa, N.J. :
_bHumana Press,
_cc1996.
300 _axiv, 390 p. :
_bill. ;
_c23 cm.
490 1 _aMethods in molecular biology ;
_v57
504 _aIncludes bibliographical references and index.
596 _a1
650 0 _aMutagenesis
_xMethodology.
700 1 0 _aTrower, Michael K.
830 0 _aMethods in molecular biology (Clifton, N.J.) ;
_v57.
910 _aeae09/97.
942 _cBK
_2lcc
999 _c34152
_d34152